书目信息 |
| 题名: |
新能源汽车运用技术
|
|
| 作者: | 赵胜全 主编 | |
| 分册: | ||
| 出版信息: | 天津 天津科学技术出版社 2014.09 |
|
| 页数: | 187页 | |
| 开本: | 28cm | |
| 丛书名: | ||
| 单 册: | ||
| 中图分类: | U469.7 | |
| 科图分类: | ||
| 主题词: | 汽车工程 | |
| 电子资源: | ||
| ISBN: | 7-5308-5034-2 | |
| 000 | 00601nam0 2200193 450 | |
| 001 | 1538906955 | |
| 005 | 20151217105121.48 | |
| 010 | @a7-5308-5034-2@dCNY38.90 | |
| 100 | @a20151217d2014 km y0chiy0120 ea | |
| 101 | 0 | @achi |
| 102 | @aCN@b120000 | |
| 200 | 1 | @a新能源汽车运用技术@Axin neng yuan qi che yun yong ji shu@f赵胜全主编@Fzhao sheng quan zhu bian |
| 210 | @a天津@c天津科学技术出版社@d2014.09 | |
| 215 | @a187页@d28cm | |
| 606 | 0 | @a汽车工程 |
| 690 | @aU469.7@v4 | |
| 701 | 0 | @a赵胜全@Azhao sheng quan@4主编 |
| 801 | 0 | @aCN@b大连网信软件有限公司图书馆·11@c20151217 |
| 905 | @aZUCC@dU469.7@eZ325 | |
| 新能源汽车运用技术/赵胜全主编.-天津:天津科学技术出版社,2014.09 |
| 187页;28cm |
| ISBN 7-5308-5034-2:CNY38.90 |
| ● |
| 相关链接 |
|
|
|
正题名:新能源汽车运用技术
索取号:U469.7/Z325
 
预约/预借
| 序号 | 登录号 | 条形码 | 馆藏地/架位号 | 状态 | 备注 |
| 1 | 497816 | 204978168 | 城院文库/ [索取号:U469.7/Z325] | 在馆 |